| 000 | 01751nam a22003017a 4500 | ||
|---|---|---|---|
| 001 | 6067 | ||
| 003 | FISKH | ||
| 005 | 20250305104659.0 | ||
| 008 | 250305b cb ||||| |||| 00| 0 eng d | ||
| 020 | _a9780545814904 | ||
| 040 |
_aFISKH _beng _cFISKH _dFISKH |
||
| 050 | _aPZ7.B6484992 B | ||
| 082 | _a 823.92 | ||
| 100 |
_aBosch, Pseudonymous _d(1967-) |
||
| 245 |
_aBad magic / _cPseudonymous bosch ; Illustrations by Gilbert Ford |
||
| 250 | _aFirst paperback printing in 2016 | ||
| 260 |
_aNew York : _bScholastic, _c2014. |
||
| 300 |
_a393 pages : _billustrations ; _c20 cm |
||
| 505 | _aR | ||
| 520 | _aAs in fake. Cheesy. Unreal. At least, that's what Clay, who has seen one magic show too many, thinks. When words from his journal appear mysteriously on his school wall as graffiti, he never imagines that magic might be to blame. And when the same graffiti lands him at Earth Ranch, a camp for "troubled" kids on a remote volcanic island, magic is the last thing he expects to find there. But at Earth Ranch, there is one strange surprise after another, until Clay no longer knows what to expect. Is he really talking to a llama? Did he really see a ghost? What is the scary secret hidden in the abandoned library? The only thing he knows for sure is that behind the clouds of vog (volcanic smog), nothing is as it seems. Can he solve the riddle of Earth Ranch before trouble erupts? Elusive author Pseudonymous Bosch introduces an extraordinary new series that will have you believing in the unbelievable. | ||
| 521 | 8 |
_a730
_bLexile |
|
| 521 | 8 |
_aR
_bRaz-Plus |
|
| 650 |
_2Humor _aMiddle grade |
||
| 650 |
_2Mystery _aJuvenile fiction |
||
| 700 |
_aFord, Gilbert _dillustrator |
||
| 942 |
_2ddc _cBK _n0 |
||
| 999 |
_c6067 _d6067 |
||